Leyendas del mar
Saved in:
| Hovedforfatter: | |
|---|---|
| Format: | Bog |
| Sprog: | spansk |
| Udgivet: |
Bogotá
Norma
1992
|
| Serier: | Colección Torre de papel. Torre amarilla
|
| Fag: | |
| Tags: |
Tilføj Tag
Ingen Tags, Vær først til at tagge denne postø!
|
MARC
| LEADER | 00000nam a2200000 a 4500 | ||
|---|---|---|---|
| 001 | UCH8132 | ||
| 003 | CL-VaPUC | ||
| 008 | 091127e19920000CK |||||||||||||||||spa|d | ||
| 020 | |a 9580413878 | ||
| 082 | 0 | 4 | |a 843 |b CLA |2 21 |
| 100 | 0 | |a Clavel, Bernard |e author |9 544574 | |
| 245 | 1 | 0 | |a Leyendas del mar |
| 300 | |a 208 p | ||
| 942 | |c BK | ||
| 945 | |d 20091127 00:00:00 |a lazolas | ||
| 260 | |a Bogotá |b Norma |c 1992 | ||
| 500 | |a Lectura a partir de los 11 años | ||
| 650 | 0 | |a Literatura |9 259151 | |
| 650 | 0 | |a Literatura francesa |9 266330 | |
| 650 | 0 | |a Novela francesa |9 264985 | |
| 650 | 0 | |a Literatura infantil |9 307465 | |
| 650 | 0 | |a Cuentos infantiles |9 308044 | |
| 650 | 0 | |a Ficción |9 376687 | |
| 650 | 0 | |a Lectura |9 307634 | |
| 583 | |a last modification |c 20091127 00:00:00 |k Rodrigo Vera | ||
| 490 | 0 | |a Colección Torre de papel. Torre amarilla | |
| 999 | |c 338374 |d 338372 | ||